Missing Word: Musicians Born in New York Quiz Stats

 Plays Quiz Updated Jun 19, 2018

Also try: Born in New York
Challenge
Share
Tweet
Embed
Score 0/20 Timer 03:00
0 Plays Today
Song Title Missing Word % Correct
Girls Just Want to Have _____Fun
97.9%
Genie in a ______Bottle
96.9%
Hit Me with Your ____ ShotBest
96.3%
Poker ____Face
95.6%
Walk on the _____ SideWild
93.5%
The _____ We WereWay
93.4%
Sweet ______Caroline
91%
You're So ____ Vain
90.4%
Fast as You _____Can
85.1%
Girl on ______Fire
81.8%
Song Title Missing Word % Correct
I Am a ____Rock
68.5%
What Kind Of _____ Am I?Fool
64%
Public Service ____Announcement
59.7%
Come _____ with MeAway
53.4%
River Of _____Dreams
48.6%
Fanfare for the ______ ManCommon
48.5%
Stop To ____Love
37.4%
______ for TonightWaiting
28.1%
Smackwater ____Jack
23.1%
Kind & _______Generous
10.4%

Today's Daily Dose

Missing Word
No Snow!

Word Ladder
Wild Cats

On This Day
December 16th II

You're not logged in!

Compare scores with friends on all Sporcle quizzes.
OR
Log In

You Might Also Like...

Show Comments

Extras

Top Quizzes Today


Score Distribution

Your Account Isn't Verified!

In order to create a playlist on Sporcle, you need to verify the email address you used during registration. Go to your Sporcle Settings to finish the process.

Report this User

Report this user for behavior that violates our Community Guidelines.

Details: